00577nam a22001817a 450000500170000001000150001702000260003203500140005803700130007208200080008510000190009324501080011226000400022027000600026030000280032050000310034870000160037920190130162834.0 aENG-124684 a9789383848461c225.00 aEN-108216 bDBAD/PUB a368 aBhatia,Nishwan aInsurance and risk management:cby Abhay Prasaad Singh [and] Sarin Charubfundamentals and applications aNew Delhi bPinnacle Learningc2018 a24,D.D.A Shopping Complex Ber SaraibNew Delhi e110016 a205p. c24cm.(pbk)bill aIts includes bibliography. aSarin,Charu